Minecraft Mobs: Camel - Statistics

General Stats
  • This quiz has been taken 7 times
  • The average score is 8 of 10
Answer Stats
Question Answer % Correct
How many blocks can a camel step up? 1.5
100%
How many players can ride a camel? 2
100%
How many health points does a camel have? 32
100%
What is the most blocks a camel can fall without taking fall damage? 6
100%
What item can be used to breed camels? Cactus
100%
What biome can camels spawn in? Desert
100%
What structure in that biome always generates with a camel? Desert Village
100%
What is an adult camel's width in blocks? 1.7
67%
What does a camel do when the player riding it uses the jump button? Dash
67%
What is an adult camel's height in blocks? 2.375
0%
No matching quizzes found
Score Distribution
Percent of People with Each Score
Percentile by Number Answered
Your Score History
You have not taken this quiz